000
00315nam a22001217a 4500
008
180607b xxu||||| |||| 00| 0 eng d
041
_a
eng
080
_a
043.3
100
_a
0
101
_a
SHKI-BA
245
_a
CDN and content and compression - their effect the web page performance
_c
Beqiri, J
942
_2
udc
_c
BK
999
_c
46535
_d
46535